| 000 | 00895nac a22002651u 4500 | ||
|---|---|---|---|
| 008 | 091013t xxu||||| |||| 00| 0 eng d | ||
| 010 | _a 94033891 | ||
| 020 | _a0321614909 | ||
| 020 | _a9780321614902 | ||
| 082 | 0 | 0 |
_a337 _bHUS |
| 100 |
_aHusted, Steven L. _98835 |
||
| 245 | 1 | 0 |
_aInternational Economics / _cSteven Husted, Michael Melvin. |
| 250 | _a8th ed. | ||
| 260 |
_aBoston : _bAddison- Wesley: _bPearson, _cc2010. |
||
| 300 |
_axix, 570 p. : _bmaps. ill. ; _c25 cm. |
||
| 490 | 4 | _aThe Addison- Wesley series in Economics | |
| 504 | _aIncludes bibliographical references and index. | ||
| 650 | 0 |
_aInternational economic relations. _98836 |
|
| 650 | 0 |
_aCommercial policy. _98837 |
|
| 650 | 0 |
_aFinance. _98838 |
|
| 651 | 0 |
_aUnited States _xCommercial policy. _98839 |
|
| 653 |
_bEco _cOctober2012 |
||
| 700 | 1 |
_aMelvin, Michael, _d1948- _98840 |
|
| 942 |
_cBB _k337HUS _2ddc |
||
| 999 |
_c12786 _d12786 |
||